Hielos continentales patagonicos [documento web] /

Guardado en:
Autor Principal: Kossler Rodolfo
Formato: Libro
Publicado: : , 1998
Materias:
Fc
Etiquetas: Agregar Etiqueta
Sin Etiquetas, Sea el primero en etiquetar este registro!
LEADER 00525nam a22001935a 4500
001 CEM.cems010142
005 20060214000000.0
008 130507s1998##################000#0#####d
003 CEMS
082 0 4 |a F320.1 
100 1 |a Kossler Rodolfo 
245 1 0 |a Hielos continentales patagonicos [documento web] / 
260 |a : ,  |c 1998 
300 |a 11 p. 
653 |a Argentina-limites 
653 |a Fc 
653 |a Geopolitica 
653 |a Hielos continentales patagonic 
859 |a CEMS  |b BIB. CEMS - 11 de abril  |h F320.1  |i 10-3  |p 1613.44  |t Ej.1